The biggest valentine ever / (Record no. 2652)

MARC details
000 -LEADER
fixed length control field 00972cam a2200289 a 4500
005 - DATE AND TIME OF LATEST TRANSACTION
control field 20241119100817.0
020 ## - INTERNATIONAL STANDARD BOOK NUMBER
International Standard Book Number 9780439764193
040 ## - CATALOGING SOURCE
Original cataloging agency DLC
Transcribing agency DLC
Modifying agency DLC
Language of cataloging eng
050 00 - LIBRARY OF CONGRESS CALL NUMBER
Classification number PZ7.K9225
082 00 - DEWEY DECIMAL CLASSIFICATION NUMBER
Classification number 394.261
100 1# - MAIN ENTRY--PERSONAL NAME
Personal name Kroll, Steven
245 14 - TITLE STATEMENT
Title The biggest valentine ever /
Statement of responsibility, etc. by Steven Kroll ; illustrated by Jeni Bassett
250 ## - EDITION STATEMENT
Edition statement First printing, January 2006
260 ## - PUBLICATION, DISTRIBUTION, ETC.
Place of publication, distribution, etc. New York :
Name of publisher, distributor, etc. Scholastic,
Date of publication, distribution, etc. 2006
300 ## - PHYSICAL DESCRIPTION
Extent 30 unnumbered pages :
Other physical details color illustration ;
Dimensions 21 cm .
505 ## - FORMATTED CONTENTS NOTE
Formatted contents note K <br/>
520 ## - SUMMARY, ETC.
Summary, etc. When Desmond and Clayton, two mice, finally learn to cooperate, they create a wonderful valentine for their teacher.
521 ## - TARGET AUDIENCE NOTE
Target audience note 510 <br/>
Source Lexile <br/>
521 ## - TARGET AUDIENCE NOTE
Target audience note K <br/>
Source Raz-Plus <br/>
650 #1 - SUBJECT ADDED ENTRY--TOPICAL TERM
Topical term or geographic name entry element Interpersonal relations
Form subdivision Fiction.
650 #1 - SUBJECT ADDED ENTRY--TOPICAL TERM
Topical term or geographic name entry element Valentine's Day
Form subdivision Fiction.
650 #1 - SUBJECT ADDED ENTRY--TOPICAL TERM
Topical term or geographic name entry element Mice
Form subdivision Fiction.
700 1# - ADDED ENTRY--PERSONAL NAME
Personal name Bassett, Jeni
Relator term illustrator
906 ## - LOCAL DATA ELEMENT F, LDF (RLIN)
a 7
b cbc
c orignew
d 1
e ecip
f 20
g y-gencatlg
942 ## - ADDED ENTRY ELEMENTS (KOHA)
Source of classification or shelving scheme Dewey Decimal Classification
Koha item type Books
Suppress in OPAC No
999 ## -
-- 2652
-- 2652
Holdings
Withdrawn status Lost status Source of classification or shelving scheme Damaged status Not for loan Collection Home library Current library Shelving location Date acquired Total Checkouts Full call number Barcode Date last seen Date last checked out Copy number Price effective from Koha item type
    Dewey Decimal Classification     Juvenile Fiction Footprints International School Library Network Toul Kork Campus Footprints International School Library Network Toul Kork Campus   01/08/2024 2 KRO 394.261 PZ7.K9225 FISBK05248 03/27/2024 03/19/2024 1 01/08/2024 Books
    Dewey Decimal Classification     Juvenile Fiction Footprints International School Library Network Toul Kork Campus Footprints International School Library Network Toul Kork Campus   01/08/2024 1 KRO 394.261 PZ7.K9225 FISBK05247 03/27/2024 03/19/2024 2 01/08/2024 Books
    Dewey Decimal Classification     Juvenile Fiction Footprints International School Library Network Toul Kork Campus Footprints International School Library Network Toul Kork Campus TK Primary Library Room(4th Floor), Bookcase 3&4, Shelves 17-32, Yellow Books 11/19/2024 1 KRO 394.261 PZ7.K9225 FISTK04439 03/20/2026 01/30/2026 3 11/19/2024 Books